000 00581nam a22002175b 4500
003 OSt
005 20151012175147.0
008 931203s1993 sp | |||| ||spa
020 _a84-08-01048-4
040 _cBMC
082 _a863
100 1 _aSavater, Fernando
_915869
245 1 3 _aEl jardín de las dudas
_cFernando Savater
250 _a1ª ed
260 _aBarcelona
_bPlaneta
_c1993
300 _a248 p.
_c21 cm
490 _aAutores Españoles e Hispanoamericanos
500 _aFinalista Premio Planeta 1993
650 2 4 _929289
_aNovela española
942 _2ddc
_cBK
999 _c22720
_d22720